000 00852nam a2200241 a 4500
001 000041219
005 20201002034720.0
008 130926s2010 ag 000 0 spa d
020 _a9789875665569
040 _aDO-SdBNP
_bspa
_cBNPHU
082 _aA863
_bS885D
100 1 _aDelgado, Josefina
_967798
245 1 0 _aAlfonsina Storni :
_buna biografía esencial /
_cJosefina Delgado.
260 _aBuenos Aires, Argentina :
_bDebolsillo,
_c2010.
300 _a254 p. ;
_c19 cm.
490 1 _aConteporánea ;
504 _aIncluye referencias bibliográficas y notas al pie de las páginas
590 _aInventariado, 2019/ YL
600 1 4 _aSTORNI, ALFONSINA,
_d1892-1938
_xBIOGRAFÍAS
_925660
600 1 4 _aSTORNI, ALFONSINA,
_d1892-1938
_xCRÍTICA E INTERPRETACIÓN
_917331
650 4 _aLiteratura argentina
_93860
830 0 _aContemporanéa
_99108
999 _c40709
_d40709